书目信息 |
| 题名: |
小学自然课实习
|
|
| 作者: | 雅果多夫斯基 著 | |
| 分册: | ||
| 出版信息: | 北京 人民教育出版社 1954 |
|
| 页数: | 406页 | |
| 开本: | 20cm | |
| 丛书名: | ||
| 单 册: | ||
| 中图分类: | G623.6 | |
| 科图分类: | ||
| 主题词: | 教育--各级 | |
| 电子资源: | ||
| ISBN: | ||
| 000 | 00557nam0 2200193 450 | |
| 001 | 0640801432 | |
| 005 | 20060705112156.60 | |
| 100 | @a20060705d1954 km y0chiy0120 ea | |
| 101 | 0 | @achi@crus |
| 102 | @aCN@b110000 | |
| 102 | @aCN@b110000 | |
| 200 | 1 | @a小学自然课实习@Axiao xue zi ran ke shi xi@f雅果多夫斯基著@Fya guo duo fu si ji zhu |
| 210 | @a北京@c人民教育出版社@d1954 | |
| 215 | @a406页@d20cm | |
| 606 | 0 | @a教育@x各级 |
| 690 | @aG623.6@v3 | |
| 701 | 0 | @a雅果多夫斯基@Aya guo duo fu si ji@4著 |
| 801 | 0 | @aCN@bPFT@c20060705 |
| 905 | @a10447@dG623.6@e155 | |
| 小学自然课实习/雅果多夫斯基著.-北京:人民教育出版社,1954 |
| 406页;20cm |
| ISBN : |
| ● |
| 相关链接 |
|
|
|
|
正题名:小学自然课实习
索取号:G623.6/155
 
预约/预借
| 序号 | 登录号 | 条形码 | 馆藏地/架位号 | 状态 | 备注 |
| 1 | 0421982 | 204219826 | 密集书库/ [索取号:G623.6/155] | 在馆 |